000 00347nam a22001337a 4500
008 250424b |||||||| |||| 00| 0 eng d
020 _a030640995X
050 _aHD5724
_b.C43
100 _aCLICKMAN Alberts S.
245 _aThe Changing Positions of the Workforce
260 _aUnited States
_bDominion
_c1982
300 _aviii, 192p.
942 _cBK
999 _c3156
_d3156